Quizzes
Events
Quiz Creation
Community
Videos
Private Events
Remove Ads
Sign In
Join for FREE
Feedback
Dark Mode
Quiz Categories
Sports
Geography
Music
Movies
Television
Just For Fun
Miscellaneous
History
Literature
Language
Science
Gaming
Entertainment
Religion
Holiday
For Kids
Quiz Lab
Recent
Popular Today
Quiz Kudos Today
Editor Picks
Curator Picks
Quizzes by...
Day
Popularity
Type
Ratings
Length
Year
Community
Subscriptions
Recent Discussions
Orange Saloon
Badges
Playlists
Quests
Create
Leaderboards
Showdown
Live 5
Trivia Bingo
Activity
Puzzle Library
Sporcle Events
Private Events
Virtual Trivia
Globe League
Become a Host
Pub Owners
SporcleCon
Opinionation
Our Games
Videos
Blog
Mobile Apps
Partnerships
Remove Ads and Go Orange
Feedback
Entertainment
Celebrity
Famous
Musical
Broadway
Show
Quote
Comic Books
Anime
Superhero
DC Comics
Marvel
Cartoons
Animation
Entertainment
Celebrity
Famous
Musical
Broadway
Show
Quote
Comic Books
Anime
Superhero
DC Comics
Marvel
Cartoons
Animation
Random Quiz
Search Sporcle
×
Quiz Lab
Quiz Lab
Entertainment
Musical
Type in answers that appear in a list
Type in answers that appear in a list
Classic
Best Score? Go Orange.
Musical Titles by Lyrics Stats
Can you name the Musical Titles by Lyrics?
By
deafleopard
5m
20 Questions
38 Plays
38 Plays
38 Plays
Comments
Comments
Give Quiz Kudos
Give Quiz Kudos
-
- Ratings
hide this ad
Replay
Link that replays current quiz
Next Quiz
Link to next quiz in quiz playlist
You Got
0%
They Got
Avg Score
23%
Avg Friend Score
Upgrade to see
Score Distribution
Jump to the score distribution portion of the page
Score
0/20
Timer
05:00
0
Plays Today
Lyric
Musical Title
% Correct
The sun will come out, tomorrow.
Annie
86.8%
Well hello, Dolly.
Hello, Dolly!
84.2%
I Am the Walrus. Fat Bottomed Girls. Yellow Submarine.
Avenue Q
57.9%
Take your brown eyes, your pretty smile, your silhouette.
Rent
52.6%
Well they began it.
West Side Story
28.9%
How do you get this gold $hit off?
In the Heights.
21.1%
Dumb? Tacky? Vulgar? Old? Tall?
Company
18.4%
I don’t know…I was just standing here quietly and Heidi was like uh-
uh-
guh-
uh-
uh-
et. al.
[Title of Show]
18.4%
So many faces all around, and here we go.
A Chorus Line
18.4%
Rame Rame Hare Hare.
Hair
18.4%
Lyric
Musical Title
% Correct
Anything other than being exactly on time I can do.
The Last Five Years
15.8%
I'm full of vitamin A.
42nd Street
10.5%
But you will make it through 'cause I am liking you.
Once on this Island
10.5%
My kid would like that! How much?
Ragtime
10.5%
Well let them analyze what our amalgamation implies.
Funny Girl
7.9%
I'm ready to die for that piece of twine.
110 in the Shade
2.6%
One more souvenir of bliss...
Follies
2.6%
I wanna admire the whole package if you get my drift.
9 to 5
0%
Of anything they could have chosen why do they wear lederhosen?
Nine
0%
Aida sang an A and blew the place away.
On the Town
0%
Quiz Playlist
Details
Report
Send in Message
Add To Playlist
Classic:
Type in answers that appear in a list
Last Updated: Feb 16, 2017
Quiz Scoreboard
CHALLENGE
Sign Up to Join the Scoreboard
Show All
Scores
Hide
Comments
May contain spoilers
Recently Published
9x9 Crossword: Cartoon Network
by jackfrog10
Miscellaneous
3m
College Basketball Coaching Resumes
by pancakes188
Sports
9m
Billboard Blitz: Fleetwood Mac
by CooCooCachoo
Music
15s
More to Explore
Quiz From the Vault
Featured Blog Post
Where Did the Easter Bunny Come From?
hide this ad
You Might Also Like...
Tags
Musical Quiz
Today's Top Quizzes in Entertainment
Browse Entertainment
hide this ad
Today's Top Quizzes in Musical
Browse Musical
Top Contributed Quizzes in Entertainment
1
7-to-1: DC Comics Villains
2
Marvel Characters Bunker
3
Eurovision 2023 Logic Puzzle
4
Dragon Ball Z: Goku's Fights in Order
5
Criteria Quickie: Cartoon Taxonomy II
6
Sorting Pictures: Villains
7
Kamen Rider Motifs
8
Mini Trivia Sudoku: Musicals
9
Fictional Villains Letter U Blitz
10
7-to-1: One Piece
Explore More
Trending Topics
Marvel
Crossword
NBA
Harry Potter
Kpop
Disney
Anime
Song
NFL
Country
The Office
Pokémon
Soccer
Puzzle
WWE
hide this ad
More By:
deafleopard
Quiz
Plays
Rating
Category
Featured
Created
Musical Titles by Lyrics
38
Entertainment
Apr 14, 2012
Go to Creator's Profile
Score Distribution
Quiz Creator Spotlight
deafleopard
Follow
Send a Message
Quizzes Created
-
Created Quiz Play Count
-
More By This Creator
Popular Quizzes Today
1
Find the US States - No Outlines Minefield
2
Find the Countries of Europe - No Outlines Minefield
3
The Countries of the World
4
Find the US States
5
Risky Map Clicking: Biggest States A-Z
6
US States
7
Popular People in 1961
8
Movies - When Are They Set?
More Entertainment Quizzes
Find the 'P' Comic Characters
Quiz Lab
Trending Quizzes
Risky Map Clicking: Least Populous States A-Z
1-10 Letter G Words
1-10 Letter F Words
Risky Map Clicking: Next State Alphabetically
Adjectives in 80s TV Shows
Recently Updated
Leaping Animals
pecheneg
Reality TV Shows (A-Z)
bhenderson79
Rickey Henderson's Hall of Fame Teammates
pecheneg
Champions League XIs: Arsenal
pecheneg
Quick Pick: Celebrities in WWE's Hall of Fame
aduchscher
A-Z Keypad Blitz II
pecheneg
Multiple Oscar Actors
pecheneg
Mystery Phrase Blitz: Oscar 'Best Actors'
pecheneg
F. Scott Fitzgerald Novels
LTH
Pick 3 Villains
ddd62291
Trending Topics
NBA
Kpop
Marvel
Disney
Crossword
Harry Potter
Anime
Pokémon
The Office
Song
Country
Puzzle
NFL
WWE
Soccer
Your Account Isn't Verified!
In order to create a playlist on Sporcle, you need to verify the email address you used during registration. Go to your
Sporcle Settings
to finish the process.
Report this User
Report this user for behavior that violates our
Community Guidelines
.
Details:
Send Report
Go to the Sporcle.com Mobile Site →
Comments